Autores dos Gols do Atlético-MG / Galo em finais - Statistics

Estatísticas Gerais
  • Esse quiz foi jogado 115 vezes
    27 desde o último reset
  • A pontuação média é 44 de 68
Estatísticas das Respostas
Autor Final % Correto
Hulk Campeonato Mineiro 2024
100%
Hulk Campeonato Mineiro 2024
100%
Hulk Campeonato Mineiro 2023
100%
Hulk Campeonato Mineiro 2023
100%
Hulk Campeonato Mineiro 2023
100%
Hulk Campeonato Mineiro 2022
100%
Hulk Campeonato Mineiro 2022
100%
Hulk Supercopa do Brasil 2022
100%
Hulk Copa do Brasil 2021
100%
Hulk Copa do Brasil 2021
100%
Vargas Libertadores 2024
92%
Vargas Copa do Brasil 2021
92%
Vargas Copa do Brasil 2021
92%
Alan Kardec Copa do Brasil 2024
88%
Gustavo Scarpa Campeonato Mineiro 2024
88%
Campeonato Mineiro 2015
88%
Libertadores 2013
88%
Campeonato Mineiro 2013
88%
Luan Copa do Brasil 2014
88%
Luan Recopa 2014
88%
Leonardo Silva Libertadores 2013
83%
Tardelli Copa do Brasil 2014
83%
Tardelli Recopa 2014
83%
Tardelli Recopa 2014
83%
Tardelli Campeonato Mineiro 2013
83%
Tardelli Campeonato Mineiro 2010
83%
Tardelli Campeonato Mineiro 2010
83%
Cazares Copa do Brasil 2016
79%
Lucas Pratto Campeonato Mineiro 2016
79%
Ronaldinho Campeonato Mineiro 2013
79%
Saravia Campeonato Mineiro 2024
75%
Keno Copa do Brasil 2021
71%
Keno Copa do Brasil 2021
71%
Keno Campeonato Mineiro 2020
71%
Lyanco Campeonato Mineiro 2025
71%
Lyanco Campeonato Mineiro 2025
71%
Nacho Campeonato Mineiro 2022
71%
Nacho Supercopa do Brasil 2022
71%
Bernard Campeonato Mineiro 2012
67%
Bernard Campeonato Mineiro 2012
67%
Rony Campeonato Mineiro 2025
67%
Bruno Fuchs Campeonato Mineiro 2024
58%
Dátolo Copa do Brasil 2014
58%
Ricardo Oliveira Campeonato Mineiro 2019
58%
Ricardo Oliveira Campeonato Mineiro 2018
58%
Ricardo Oliveira Campeonato Mineiro 2018
58%
Robinho Campeonato Mineiro 2017
58%
Marques Campeonato Mineiro 2010
50%
Elias Campeonato Mineiro 2019
42%
Elias Campeonato Mineiro 2017
42%
Pavón Campeonato Mineiro 2023
42%
Sasha Campeonato Mineiro 2020
42%
Hyoran Campeonato Mineiro 2023
38%
Jair Campeonato Mineiro 2020
38%
Marcos Rocha Campeonato Mineiro 2013
38%
Gabriel Copa do Brasil 2016
29%
Maicosuel Recopa 2014
25%
Jory (Gol contra) Campeonato Mineiro 2025
21%
Adilson Campeonato Mineiro 2018
17%
André Campeonato Mineiro 2012
17%
Mancini Campeonato Mineiro 2011
17%
Muriqui Campeonato Mineiro 2010
17%
Muriqui Campeonato Mineiro 2010
17%
Patric Campeonato Mineiro 2011
17%
Ayala (Gol contra) Recopa 2014
13%
Clayton Campeonato Mineiro 2016
13%
Serginho Campeonato Mineiro 2012
8%
Thiago Ribeiro Campeonato Mineiro 2015
8%
Nenhum quiz correspondente encontrado
Distribuição das Pontuações
Porcentagem de Pessoas com Cada Pontuação
Percentil de Números Respondidos
Sua Pontuação Histórica
Você não jogou esse quiz desde o último reset